Filmy Cezary Pazury - Statystyki

Ogólne statystyki
  • Ten quiz został rozwiązany 152 razy
  • Średni wynik to 3 z 16
Statystyki odpowiedzi
Rok Wskazówka Tytuł % Poprawnych
1997 Jerzy Kiler, warszawski taksówkarz, przypadkowo zostaje wzięty za płatnego zabójcę i umieszczony w areszcie. Wyciąga go stamtąd
boss świata przestępczego, który oferuje mu nowe zadanie.
Kiler
99%
2000 Kuba, młody skrzypek, trafia w sam środek gangsterskich porachunków. Chłopaki nie płaczą
47%
2002 Adaś Miauczyński, 49-letni rozwiedziony polonista, żyje w kręgu swoich natręctw, nie potrafiąc wyrwać się z nudy i rutyny dnia codziennego. Dżień świra
45%
2002 Pracownik zakładu pogrzebowego przypadkiem trafia na wystawny bankiet. Zdobywa uznanie wpływowych ludzi, dzięki którym zaczyna robić karierę polityczną. Kariera Nikosia Dyzmy
39%
1999 Jurek Kiler stał się sławną osobą, lecz gangsterzy, których oszukał, planują zemstę. Kiler-ów 2-óch
27%
1999 Adaś Miauczyński przeżywa romans ze spotkaną przed laty kobietą. Ajlawju
24%
2003 Uczestnicy reality show zostają sprowadzeni na niezamieszkałą wyspę. Gdy w tajemniczych okolicznościach ginie kilku z nich, pozostali uświadamiają sobie, że nie mają dokąd uciec. Show
15%
2000 Losy grupy policjantów, którzy pełnią służbę na trzynastym posterunku. 13 Posterunek 2
11%
2010 Dwóch gangsterów, walcząc o wpływy w mieście, postanawia zdobyć walizki wypełnione pieniędzmi oraz narkotykami. Tymczasem inna grupa przestępcza ma ten sam cel. Weekend
7%
2000 Zosia jest piękna, inteligentna i doskonale zna swoją wartość dzięki czemu z powodzeniem uwodzi oraz wykorzystuje rzesze mężczyzn. Gdy poznaje fotografa Mateusza, zaczyna zastanawiać się nad własnym życiem. Zakochani
6%
2002 Dziewczyna gangstera zakochuje się w doktorze filozofii, któremu zleca napisanie pracy magisterskiej. E=mc²
4%
2006 Serial na amerykańskiej licencji "The Odd Couple" przeniesiony w polskie realia. Tytułowi bohaterowie są dla siebie całkowitym przeciwieństwem. Wiktor (Cezary Pazura) to... więcej Faceci do wzięcia
2%
2006 Funkcjonariusze specjalnej grupy próbują rozwiązać zagadkę śmierci młodej aktorki i tajemniczego transferu dwustu milionów euro. Oficerowie
2%
2008 Oficerowie CBŚ wpadają na trop ukrytej w Polsce bomby jądrowej i starają się nie dopuścić do przejęcia jej przez terrorystów. Trzeci oficer
1%
2003 Zypcio opuszcza dom w poszukiwaniu zastępczych rodziców. Po drodze poznaje galerię osobliwych postaci. Nienasyceni
0%
2009 Grupa przyjaciół wyjeżdża na weekend do chatki na Mazurach. Wkrótce młodym przychodzi stawić czoło psychopatycznego zabójcy z piłą mechaniczną. Piotrek the 13th
0%
Nie znaleziono quizów pasujących do podanych kryteriów
Rozkład punktacji
Procent ludzi z każdym wynikiem
Percentyl według liczby udzielonych odpowiedzi
Twoja historia wyników
Nie rozwiązałeś tego quizu